000 00437cam a2200181ua 4500
020 _c13.00
041 _ahin
_h
082 _a891.54
_bRAG/PR
100 _aRaghuvamsh, .
245 _aPrakruthi aur kavya /
_cRaghuvamsh.
_hTextual Documents
250 _a2 /
_b.
260 _aNew Delhi :
_bNational Publishing House ,
_c1963.
300 _a442 ; .
365 _a13.00
504 _a
942 _cBK
999 _c8221
_d8221